000 00614nam a2200205 a 4500
999 _c2515
_d2515
003 BD-JhCC
005 20171104104537.0
008 171104s1985 bg |||| |||| 000 0 ben d
035 _a(BD-JhCC)
040 _aBD-JhCC
_dBD-JhCC
041 _aben
082 _a891.443
_bMIL 1985
100 _aমিলন, ইমদাদুল হক
245 _aকালাকাল /
_cইমদাদুল হক মিলন
260 _aঢাকা :
_bঅনিন্দ্য প্রকাশন,
_c1985.
300 _a81 p. :
_bill. ,
_c21 cm.
650 _aBengali Novel
942 _2ddc
_cBK